[Event "Championnat de France - Accession"]
[Site "Pau"]
[Date "2008.08.13"]
[Round "2.11"]
[White "Ryan, Martin"]
[Black "Crut, Aurelien"]
[Result "0-1"]
[WhiteElo "2063"]
[BlackElo "2316"]
[PlyCount "72"]

1. e4 e6 2. d4 d5 3. Nc3 Bb4 4. exd5 exd5 5. Bd3 Nc6 6. a3 Bxc3+ 7. bxc3 Nce7
8. Ne2 Bf5 9. Rb1 b6 10. Ng3 Bg6 11. O-O Nf6 12. Re1 O-O 13. Bg5 Qd6 14. Qf3
Rfe8 15. h4 Kf8 16. h5 Bxd3 17. cxd3 Nfg8 18. Re5 h6 19. Bf4 Qxa3 20. Nf5 Rac8
21. Nh4 Qxc3 22. Ng6+ Nxg6 23. hxg6 Nf6 24. gxf7 Kxf7 25. Rbe1 Qxe1+ 26. Rxe1
Rxe1+ 27. Kh2 Re6 28. Be5 c6 29. Qf5 Rce8 30. f3 a5 31. Bc7 a4 32. Be5 b5 33.
g4 a3 34. g5 hxg5 35. Qxg5 Rh8+ 36. Kg2 a2 0-1

[Event "Championnat de France - Accession"]
[Site "Pau"]
[Date "2008.08.13"]
[Round "2.12"]
[White "Demuth, Adrien"]
[Black "Wunderman, Xavier"]
[Result "1/2-1/2"]
[WhiteElo "2315"]
[BlackElo "2182"]
[PlyCount "52"]

1. d4 d5 2. c4 c6 3. Nf3 Nf6 4. Nc3 e6 5. Bg5 dxc4 6. e4 b5 7. e5 h6 8. Bh4 g5
9. Nxg5 hxg5 10. Bxg5 Nbd7 11. exf6 Qa5 12. g3 b4 13. Ne4 Ba6 14. b3 O-O-O 15.
Bxc4 Bxc4 16. bxc4 Nc5 17. Nxc5 Bxc5 18. Be3 Bxd4 19. Bxd4 Qf5 20. f3 c5 21.
O-O Rxd4 22. Qa4 Rxh2 23. Qc6+ Kb8 24. Qb5+ Ka8 25. Qc6+ Kb8 26. Qb5+ Ka8
1/2-1/2

[Event "Championnat de France - Accession"]
[Site "Pau"]
[Date "2008.08.13"]
[Round "2.13"]
[White "Nguyen, Chi-Minh"]
[Black "Guennoun, Anthony"]
[Result "1-0"]
[WhiteElo "2432"]
[BlackElo "2178"]
[PlyCount "74"]

1. d4 d5 2. c4 c6 3. Nc3 Nf6 4. e3 a6 5. Nf3 e6 6. a3 dxc4 7. Bxc4 c5 8. Bd3
Nc6 9. O-O Bd6 10. dxc5 Bxc5 11. b4 Bd6 12. Bb2 O-O 13. Ne4 Nxe4 14. Bxe4 Qe7
15. Qc2 f5 16. Bxc6 bxc6 17. Be5 Bb7 18. Bxd6 Qxd6 19. Rfd1 Qc7 20. Qc5 Rad8
21. Qe5 Qxe5 22. Nxe5 f4 23. exf4 Rd5 24. g3 Rfd8 25. Rxd5 Rxd5 26. h4 c5 27.
bxc5 Rxc5 28. Rb1 Rc7 29. f3 Kf8 30. Rb6 Ke7 31. Kf2 Bc8 32. Rb3 Kd6 33. Ke3
Rc1 34. h5 Re1+ 35. Kd2 Rg1 36. g4 Rg2+ 37. Kd3 Ra2 1-0

[Event "Championnat de France - Accession"]
[Site "Pau"]
[Date "2008.08.13"]
[Round "2.14"]
[White "Housieaux, David"]
[Black "Mandon, Fabrice"]
[Result "1-0"]
[WhiteElo "2411"]
[BlackElo "2221"]
[PlyCount "65"]

1. d4 Nf6 2. Nf3 g6 3. c4 c5 4. g3 Bg7 5. Bg2 O-O 6. O-O cxd4 7. Nxd4 Nc6 8.
Nc3 Nxd4 9. Qxd4 d6 10. Qd2 a6 11. b3 Rb8 12. Bb2 b5 13. Nd5 Nxd5 14. Bxg7 Kxg7
15. cxd5 b4 16. Rfc1 Rb7 17. Rc4 a5 18. Rac1 Bd7 19. Rh4 Rh8 20. Qh6+ Kg8 21.
Rhc4 f6 22. Bh3 Bxh3 23. Qxh3 Kg7 24. Rc6 Rf8 25. R1c4 f5 26. Qh4 Qd7 27. Qd4+
Kg8 28. Qd2 Rb5 29. Rc7 Qe8 30. Qe3 f4 31. gxf4 Qf7 32. Rxe7 Qf5 33. Rcc7 1-0

[Event "Championnat de France - Accession"]
[Site "Pau"]
[Date "2008.08.13"]
[Round "2.15"]
[White "Bedouin, Xavier"]
[Black "Frederic, Clement"]
[Result "1-0"]
[WhiteElo "2365"]
[BlackElo "2209"]
[PlyCount "93"]

1. e4 e6 2. d4 d5 3. Nd2 c5 4. exd5 Qxd5 5. Ngf3 cxd4 6. Bc4 Qd6 7. Qe2 Nf6 8.
Nb3 Nc6 9. Bg5 Qc7 10. O-O-O a6 11. Nbxd4 Nxd4 12. Nxd4 Bd7 13. Rhe1 O-O-O 14.
Kb1 Bd6 15. Bxa6 Bb4 16. c3 Bc5 17. Bb5 Qxh2 18. g3 Bxb5 19. Qxb5 Rd5 20. Be3
Rhd8 21. Qa4 Qh5 22. Rc1 Kb8 23. Ka1 Ng4 24. Qc2 Nxe3 25. fxe3 e5 26. Nb3 Bb6
27. c4 Rd3 28. c5 Bc7 29. c6 b6 30. Qc4 Qf5 31. Nc5 R3d6 32. Nb7 Rd5 33. Nxd8
Rxd8 34. Qa6 Qc8 35. Qxc8+ Kxc8 36. Rcd1 Rd6 37. Rxd6 Bxd6 38. e4 Bc5 39. Kb1
Kc7 40. Rc1 f6 41. g4 Be3 42. Rc2 Bc5 43. a3 Bd4 44. b4 Be3 45. b5 Bd4 46. a4
Be3 47. Kb2 1-0

[Event "Championnat de France - Accession"]
[Site "Pau"]
[Date "2008.08.13"]
[Round "2.16"]
[White "Camus De Solliers, Guillaume"]
[Black "Bonn, Thomas"]
[Result "1/2-1/2"]
[WhiteElo "2319"]
[BlackElo "2190"]
[PlyCount "115"]

1. d4 Nf6 2. c4 e6 3. Nf3 Bb4+ 4. Nbd2 O-O 5. a3 Bxd2+ 6. Qxd2 d6 7. b4 Qe7 8.
Bb2 Nbd7 9. e3 b6 10. Be2 Bb7 11. O-O Ne4 12. Qc2 f5 13. d5 e5 14. g3 c6 15.
Nh4 cxd5 16. cxd5 Bxd5 17. Bc4 Bxc4 18. Qxc4+ Qf7 19. Qd3 g5 20. Ng2 g4 21. Nh4
Rac8 22. Rac1 Qe6 23. Qa6 Rxc1 24. Rxc1 Ng5 25. Qc4 Qxc4 26. Rxc4 Nf6 27. Kg2
Nfe4 28. Rc7 Rf7 29. Rxf7 Kxf7 30. Nxf5 h5 31. Nh4 Nd2 32. Nf5 Nde4 33. a4 Kf6
34. Nh4 Nd2 35. Bc3 Ndf3 36. b5 Nxh4+ 37. gxh4 Nf3 38. Kg3 d5 39. h3 d4 40.
exd4 exd4 41. Bb4 d3 42. hxg4 hxg4 43. Kxg4 d2 44. Bxd2 Nxd2 45. Kf4 Nb3 46.
Ke4 Nc5+ 47. Kd4 Nxa4 48. f4 Kg6 49. Kc4 Nc5 50. Kd5 Kf5 51. h5 Ne6 52. h6
Nxf4+ 53. Kc6 Ke6 54. h7 Ng6 55. Kc7 Ke7 56. Kc8 Kd6 57. Kd8 Ke6 58. Kc7
1/2-1/2

[Event "Championnat de France - Accession"]
[Site "Pau"]
[Date "2008.08.13"]
[Round "2.17"]
[White "Stephan, Victor"]
[Black "Rabeyrin, Jean-Jacques"]
[Result "0-1"]
[WhiteElo "2152"]
[BlackElo "2302"]
[PlyCount "116"]

1. Nf3 d5 2. d4 Nf6 3. c4 c6 4. cxd5 cxd5 5. Nc3 Nc6 6. Bf4 Bf5 7. e3 e6 8. Qb3
Bb4 9. Bb5 O-O 10. O-O Bxc3 11. Qxc3 Ne4 12. Qa3 Qb6 13. Ba4 Rac8 14. Rfc1 h6
15. Ne5 Nxe5 16. Bxe5 f6 17. Bf4 g5 18. Bg3 Nxg3 19. hxg3 Rc7 20. Rc5 Rxc5 21.
dxc5 Qc7 22. b4 a6 23. Qc3 Kg7 24. Rc1 h5 25. Bc2 Bxc2 26. Rxc2 Rh8 27. c6 b5
28. Qd4 h4 29. g4 Rd8 30. Qc5 e5 31. Rd2 Rd6 32. Rc2 d4 33. exd4 exd4 34. Rd2
Qxc6 35. Qxc6 Rxc6 36. Rxd4 Rc1+ 37. Kh2 Rc2 38. Rd7+ Kg6 39. Rd6 Rxf2 40. Rxa6
Rf4 41. a3 Rxg4 42. Ra5 Rg3 43. Rxb5 Rxa3 44. Rb8 Kf5 45. b5 Kg4 46. Rc8 Rb3
47. Rc4+ Kf5 48. Rc5+ Kg6 49. Rd5 f5 50. Rd6+ Kh5 51. Rd5 Kg4 52. Rc5 f4 53.
Rd5 h3 54. gxh3+ Rxh3+ 55. Kg2 Rb3 56. Rc5 Rb2+ 57. Kg1 f3 58. Kf1 Kf4 0-1

[Event "Championnat de France - Accession"]
[Site "Pau"]
[Date "2008.08.13"]
[Round "2.18"]
[White "Berthier, Hugo"]
[Black "Bissieres, Matthieu"]
[Result "1/2-1/2"]
[WhiteElo "2157"]
[BlackElo "2275"]
[PlyCount "81"]

1. Nf3 Nf6 2. c4 g6 3. Nc3 Bg7 4. e4 d6 5. d4 O-O 6. Be2 e5 7. O-O Nc6 8. d5
Ne7 9. b4 Nh5 10. Re1 f5 11. Ng5 Nf6 12. Bf3 a5 13. Ba3 axb4 14. Bxb4 h6 15.
Nh3 f4 16. Kh1 g5 17. Ng1 g4 18. Be2 Ng6 19. c5 f3 20. gxf3 gxf3 21. Bxf3 Nh4
22. Be2 Nh7 23. f3 Qg5 24. Bf1 Rf6 25. Qc1 Qh5 26. Qe3 Ng5 27. Be2 Nhxf3 28.
Bxf3 Nxf3 29. Re2 Bg4 30. Rg2 Raf8 31. Nce2 Nd4 32. Ng3 Qh4 33. cxd6 cxd6 34.
Be1 Bf3 35. Nxf3 Rxf3 36. Qg1 Qh3 37. Bf2 R8f7 38. Bxd4 exd4 39. Nf5 R7xf5 40.
exf5 Qxf5 41. Rd1 1/2-1/2

[Event "Championnat de France - Accession"]
[Site "Pau"]
[Date "2008.08.13"]
[Round "2.19"]
[White "Mancini, Mario"]
[Black "Massoni, Michael"]
[Result "1/2-1/2"]
[WhiteElo "2268"]
[BlackElo "2172"]
[PlyCount "113"]

1. e4 c5 2. Nf3 e6 3. d4 cxd4 4. Nxd4 a6 5. Bd3 Qc7 6. O-O Nf6 7. Qe2 d6 8. c4
g6 9. Nc3 Bg7 10. Be3 O-O 11. Rfd1 Nc6 12. Nxc6 bxc6 13. Rac1 c5 14. f3 Nd7 15.
Qd2 Ne5 16. Bh6 Nc6 17. Bxg7 Kxg7 18. f4 Nd4 19. Rf1 f5 20. exf5 exf5 21. Nd5
Qd8 22. Rfe1 Be6 23. Nc3 Re8 24. Re3 Bf7 25. Rce1 Qd7 26. b3 Rxe3 27. Rxe3 Re8
28. Ne2 Rxe3 29. Qxe3 Qe6 30. Qd2 Qf6 31. h3 Be8 32. Qe3 Nxe2+ 33. Bxe2 Bc6 34.
Qd2 Be4 35. Kh2 Qd4 36. Qxd4+ cxd4 37. Bd1 Bb1 38. Kg1 Bxa2 39. Kf2 a5 40. Ke1
Bb1 41. Kd2 Be4 42. g4 h6 43. gxf5 gxf5 44. Kc1 Kf6 45. Kb2 Ke7 46. b4 axb4 47.
Kb3 Kd7 48. Kxb4 Kc6 49. Bh5 Kb6 50. h4 d3 51. Kc3 Kc5 52. Bf7 d5 53. cxd5 Bxd5
54. Bg6 Be4 55. Kd2 Kd4 56. Bh7 Kc4 57. Bg6 1/2-1/2

[Event "Championnat de France - Accession"]
[Site "Pau"]
[Date "2008.08.13"]
[Round "2.20"]
[White "Villegas, Pierre"]
[Black "Le Goff, Damien"]
[Result "1/2-1/2"]
[WhiteElo "2105"]
[BlackElo "2261"]
[PlyCount "68"]

1. d4 Nf6 2. c4 e6 3. Nc3 Bb4 4. Qc2 c5 5. dxc5 Na6 6. a3 Bxc3+ 7. Qxc3 Nxc5 8.
b4 Nce4 9. Qb2 d5 10. c5 d4 11. f3 Nc3 12. Bd2 Na4 13. Qb3 b5 14. e3 a6 15. Rd1
e5 16. exd4 Be6 17. Qc2 Qxd4 18. Bg5 Qb2 19. Qxb2 Nxb2 20. Rd6 Ke7 21. Rd2 Nc4
22. Bxc4 Bxc4 23. Ne2 Rhd8 24. Nc3 a5 25. Rxd8 Kxd8 26. Kf2 axb4 27. axb4 h6
28. Bc1 Ra6 29. Rd1+ Ke7 30. Bb2 Nd7 31. Ra1 Nb8 32. Ne4 Rxa1 33. Bxa1 Nc6 34.
Bc3 f6 1/2-1/2

[Event "Championnat de France - Accession"]
[Site "Pau"]
[Date "2008.08.14"]
[Round "3.1"]
[White "Bujisho, Benjamin"]
[Black "Roos, Louis"]
[Result "1-0"]
[WhiteElo "2402"]
[BlackElo "2375"]
[PlyCount "55"]

1. d4 Nf6 2. c4 g6 3. Nc3 d5 4. cxd5 Nxd5 5. Bd2 Bg7 6. e4 Nb6 7. Be3 O-O 8.
Be2 Nc6 9. Nf3 Bg4 10. d5 Bxf3 11. gxf3 Ne5 12. Qb3 c6 13. f4 Ned7 14. dxc6
bxc6 15. h4 Rb8 16. Qc2 e5 17. O-O-O Qe7 18. f5 gxf5 19. exf5 Nd5 20. Bc4 Nxe3
21. fxe3 Bh6 22. Rh3 Kh8 23. Ne4 Nf6 24. Ng5 Nd5 25. Bxd5 f6 26. Nf7+ Rxf7 27.
Bxf7 Qxf7 28. Kb1 1-0

[Event "Championnat de France - Accession"]
[Site "Pau"]
[Date "2008.08.14"]
[Round "3.2"]
[White "Saucey, Michel"]
[Black "Guilleux, Fabien"]
[Result "1/2-1/2"]
[WhiteElo "2348"]
[BlackElo "2397"]
[PlyCount "123"]

1. d4 Nf6 2. c4 g6 3. Nc3 d5 4. Nf3 Bg7 5. Bg5 Ne4 6. Bh4 Nxc3 7. bxc3 c5 8.
cxd5 Qxd5 9. e3 Nc6 10. Be2 O-O 11. O-O cxd4 12. cxd4 Bf5 13. Nd2 Rfc8 14. Bf3
Qd8 15. Nb3 b5 16. Rc1 Bd7 17. Qd2 Rab8 18. Rfd1 Be8 19. h3 Qb6 20. Bg3 Ra8 21.
d5 Ne5 22. Bxe5 Bxe5 23. d6 Rxc1 24. Qxc1 Rd8 25. dxe7 Rxd1+ 26. Qxd1 Qd6 27.
Nd4 Bf6 28. Qb3 a6 29. Qc2 Bxe7 30. Qc8 Qd8 31. Qxa6 b4 32. Bc6 Bxc6 33. Qxc6
Kg7 34. g3 Bf6 35. Qc4 Be7 36. Kg2 Qa8+ 37. Nc6 Qb7 38. e4 Bf8 39. Qd4+ Kg8 40.
Qd5 Kg7 41. e5 h5 42. e6 fxe6 43. Qxe6 Kh7 44. Kg1 Qb6 45. Qf7+ Bg7 46. Ne5 Qd6
47. Nf3 Qd1+ 48. Kg2 Qc1 49. h4 Qc6 50. Kh2 Qf6 51. Ng5+ Kh6 52. Qa7 Qd4 53.
Qxd4 Bxd4 54. Kg2 Bb6 55. f3 Kg7 56. Kf1 Kf6 57. Ke2 Ke5 58. Kd3 Kd5 59. Ne4
Bd8 60. Nf2 Bc7 61. Ne4 Bd8 62. Nf2 1/2-1/2

[Event "Championnat de France - Accession"]
[Site "Pau"]
[Date "2008.08.14"]
[Round "3.3"]
[White "Debray, Christopher"]
[Black "Tarchichi, Paul"]
[Result "1-0"]
[WhiteElo "2378"]
[BlackElo "2153"]
[PlyCount "71"]

1. d4 d5 2. c4 c6 3. Nf3 Nf6 4. Nc3 dxc4 5. e3 b5 6. a4 b4 7. Na2 e6 8. Bxc4
Nbd7 9. O-O c5 10. Bd2 a5 11. Qe2 Bb7 12. Rfd1 Bd6 13. Nc1 O-O 14. Nb3 Qb6 15.
Be1 Rac8 16. Nfd2 cxd4 17. Nxd4 Bb8 18. f3 Ne5 19. Bb5 Rfd8 20. Bf2 Bc7 21.
N2b3 Qa7 22. e4 Bb6 23. Rd2 Ng6 24. Rad1 Nf4 25. Qe1 g6 26. Bf1 Qb8 27. Nb5 Ba6
28. Bxb6 Qxb6+ 29. Qf2 Qxf2+ 30. Kxf2 Rxd2+ 31. Rxd2 Bxb5 32. Bxb5 Ra8 33. g3
N4h5 34. Rd6 Kf8 35. Ra6 Rc8 36. Bc6 1-0

[Event "Championnat de France - Accession"]
[Site "Pau"]
[Date "2008.08.14"]
[Round "3.4"]
[White "Crut, Aurelien"]
[Black "Housieaux, David"]
[Result "0-1"]
[WhiteElo "2316"]
[BlackElo "2411"]
[PlyCount "76"]

1. e4 e6 2. d4 d5 3. Nc3 Nf6 4. e5 Nfd7 5. f4 c5 6. Nf3 Nc6 7. Be3 a6 8. Qd2
Be7 9. Be2 O-O 10. O-O f6 11. exf6 Rxf6 12. Kh1 b5 13. a3 Bb7 14. Rad1 Rc8 15.
dxc5 Nxc5 16. Nd4 Qc7 17. Bg4 Rd8 18. Nxc6 Qxc6 19. Bd4 Ne4 20. Nxe4 dxe4 21.
Qe2 Rff8 22. Be3 Bf6 23. Rxd8 Rxd8 24. c3 g6 25. Bh3 a5 26. Re1 Rd3 27. g3 b4
28. axb4 axb4 29. cxb4 Rb3 30. b5 Qd5 31. Bg2 Rxb2 32. Qd1 Qa2 33. Rg1 Bd5 34.
b6 Re2 35. Qc1 Rc2 36. Qb1 Rxg2 37. Qxa2 Rxa2 38. Rb1 Ra1 0-1

[Event "Championnat de France - Accession"]
[Site "Pau"]
[Date "2008.08.14"]
[Round "3.5"]
[White "Shirazi, Kamran"]
[Black "Riff, Vincent"]
[Result "1/2-1/2"]
[WhiteElo "2440"]
[BlackElo "2290"]
[PlyCount "60"]

1. e4 c5 2. b4 cxb4 3. a3 b3 4. cxb3 e6 5. Nf3 d5 6. exd5 exd5 7. Bb5+ Nc6 8.
O-O Bd6 9. Bb2 Nf6 10. Re1+ Be6 11. Nd4 O-O 12. Bxc6 bxc6 13. Nxc6 Qb6 14. Bxf6
gxf6 15. Nb4 a5 16. Nc2 d4 17. d3 Qxb3 18. Nxd4 Qxd1 19. Rxd1 Bg4 20. Nf3 Bxf3
21. gxf3 Rad8 22. Ra2 Kh8 23. Nc3 Rg8+ 24. Kh1 Rg5 25. Ne4 Rf5 26. d4 Rxf3 27.
Nxd6 Rxd6 28. d5 Rf5 29. Rad2 Rf3 30. a4 Rf4 1/2-1/2

[Event "Championnat de France - Accession"]
[Site "Pau"]
[Date "2008.08.14"]
[Round "3.6"]
[White "Rabeyrin, Jean-Jacques"]
[Black "Nguyen, Chi-Minh"]
[Result "1/2-1/2"]
[WhiteElo "2302"]
[BlackElo "2432"]
[PlyCount "203"]

1. e4 e6 2. d4 d5 3. Nd2 Be7 4. Bd3 c5 5. dxc5 Nf6 6. Qe2 Nc6 7. Ngf3 a5 8. c4
O-O 9. O-O Bxc5 10. e5 Nd7 11. Nb3 Be7 12. Bf4 a4 13. cxd5 exd5 14. Nbd4 Nc5
15. Bf5 Ne6 16. Bxe6 fxe6 17. Be3 Bd7 18. Rac1 Qa5 19. h3 Rac8 20. Rfd1 Nxd4
21. Nxd4 Bc5 22. Rc2 Bxd4 23. Rxc8 Rxc8 24. Rxd4 Qc7 25. Qh5 Be8 26. Qg5 Qd8
27. Qg4 Qd7 28. Rb4 b5 29. Rf4 Bg6 30. Rd4 Rc2 31. Rd2 Rc4 32. Rd4 Rc2 33. Rd2
Rxd2 34. Bxd2 d4 35. Qf4 Qd5 36. a3 h6 37. Bb4 Kh7 38. Bd6 d3 39. Bb4 Qa2 40.
Qd2 Qd5 41. Bc3 Qb3 42. Qe1 Qd5 43. Qe3 Bf5 44. Bd2 Qc6 45. Bc3 Qc4 46. Qd2 Qe4
47. Qe1 Qd5 48. Qe3 Be4 49. f3 Bg6 50. Kf2 Qa2 51. Qd2 Qb3 52. Qe1 Kg8 53. Qd2
Bf5 54. Qe1 Qd5 55. Qe3 Bg6 56. Qd2 Qb3 57. Qe1 Qc2+ 58. Qd2 Qb1 59. Qe1 Qa2
60. Qd2 Qc4 61. Qe1 Qh4+ 62. Kg1 Qf4 63. Qd2 Qc4 64. Kf2 Bf5 65. Qe3 Qh4+ 66.
Kg1 Qg3 67. Qe1 Qf4 68. Qd2 Qc4 69. Kf2 Qb3 70. Qe1 Kf7 71. Qd2 Ke8 72. Qe1
Qc2+ 73. Qd2 Kd7 74. Kg3 Qxd2 75. Bxd2 Kc6 76. Kf4 Kd5 77. Ke3 Kc4 78. Bc3 Bg6
79. Kd2 Be8 80. g3 Bc6 81. f4 g6 82. Bb4 Bg2 83. h4 Bh3 84. Bc3 Bf5 85. Ke3 Kc5
86. Bb4+ Kc4 87. Bc3 h5 88. Kd2 Kb3 89. Bd4 Be4 90. Bc3 Bf5 91. Bd4 Kc4 92. Bc3
Kc5 93. Ke3 Kd5 94. Bb4 Kc4 95. Bc3 b4 96. Bxb4 Kb3 97. Kd2 Kxb2 98. Bd6 Kb3
99. Bb4 Kc4 100. Ke3 Bg4 101. Ba5 Be2 102. Bb4 1/2-1/2

[Event "Championnat de France - Accession"]
[Site "Pau"]
[Date "2008.08.14"]
[Round "3.8"]
[White "Payen, Arnaud"]
[Black "Daurelle, Herve"]
[Result "1/2-1/2"]
[WhiteElo "2372"]
[BlackElo "2253"]
[PlyCount "53"]

1. d4 Nf6 2. Nf3 e6 3. e3 b6 4. Bd3 Bb7 5. O-O c5 6. c4 Be7 7. Nc3 cxd4 8. exd4
d5 9. cxd5 Nxd5 10. Ne5 O-O 11. Qg4 Nf6 12. Qh4 Ne4 13. Qh3 Qxd4 14. Bf4 Nf6
15. Ne2 Qa4 16. Rfc1 Ba6 17. Bc2 Qe8 18. Nc3 Nbd7 19. Nxd7 Qxd7 20. Rd1 Qc8 21.
Bg5 h6 22. Bxh6 gxh6 23. Qxh6 Qc5 24. Nd5 exd5 25. Qg5+ Kh8 26. Qh6+ Kg8 27.
Qg5+ 1/2-1/2

[Event "Championnat de France - Accession"]
[Site "Pau"]
[Date "2008.08.14"]
[Round "3.9"]
[White "Wunderman, Xavier"]
[Black "Bedouin, Xavier"]
[Result "0-1"]
[WhiteElo "2182"]
[BlackElo "2365"]
[PlyCount "72"]

1. e4 e5 2. f4 exf4 3. Bc4 Nc6 4. Nf3 g5 5. d4 Bg7 6. Nc3 d6 7. Ne2 Bd7 8. c3
Qe7 9. Qc2 O-O-O 10. Bd2 h6 11. h4 Nf6 12. Bd3 Rde8 13. hxg5 hxg5 14. Rxh8 Rxh8
15. O-O-O Ng4 16. Rf1 Kb8 17. Neg1 Nh2 18. Re1 Nxf3 19. Nxf3 Nd8 20. b4 Ne6 21.
Qb3 c6 22. d5 Nc7 23. dxc6 bxc6 24. a4 Ne6 25. Qc4 Rc8 26. Kb1 Rc7 27. a5 Rb7
28. Qb3 Nc5 29. Qc2 Nxd3 30. Qxd3 c5 31. Kc1 cxb4 32. cxb4 Rc7+ 33. Kd1 f5 34.
b5 Rc5 35. exf5 Qf6 36. b6 Ba4+ 0-1

[Event "Championnat de France - Accession"]
[Site "Pau"]
[Date "2008.08.14"]
[Round "3.10"]
[White "Terrieux, Kevin"]
[Black "Moussard, Jules"]
[Result "1/2-1/2"]
[WhiteElo "2360"]
[BlackElo "2255"]
[PlyCount "69"]

1. d4 Nf6 2. c4 c5 3. d5 e6 4. Nc3 exd5 5. cxd5 d6 6. e4 g6 7. f4 Bg7 8. Bb5+
Nfd7 9. a4 O-O 10. Nf3 Na6 11. O-O Nb4 12. Re1 a6 13. Bf1 Re8 14. h3 f5 15.
exf5 gxf5 16. Bd2 Nf6 17. Qb3 h6 18. Rxe8+ Qxe8 19. Re1 Qf7 20. Bc4 Kh8 21. Ne5
Qc7 22. Ng6+ Kh7 23. Ne7 Bd7 24. g4 fxg4 25. Ne4 Nxe4 26. Rxe4 Re8 27. Bxb4
cxb4 28. hxg4 Bxa4 29. Qd3 Kh8 30. Qe2 Bf6 31. g5 Bxe7 32. Qh5 Bf8 33. Rxe8
Bxe8 34. Qxe8 Qe7 35. Qxe7 1/2-1/2

[Event "Championnat de France - Accession"]
[Site "Pau"]
[Date "2008.08.14"]
[Round "3.11"]
[White "Rabineau, Clement"]
[Black "Demuth, Adrien"]
[Result "1/2-1/2"]
[WhiteElo "2234"]
[BlackElo "2315"]
[PlyCount "47"]

1. e4 c5 2. Nf3 Nc6 3. Nc3 d6 4. Bb5 e5 5. d3 Nf6 6. Bg5 Be7 7. Bxf6 Bxf6 8.
Bc4 O-O 9. Nd5 Be6 10. O-O g6 11. Qd2 Bxd5 12. Bxd5 Ne7 13. Bb3 b5 14. a4 a6
15. axb5 axb5 16. Qh6 Rxa1 17. Rxa1 Qc7 18. Ng5 Bxg5 19. Qxg5 c4 20. dxc4 bxc4
21. Bxc4 Qxc4 22. Qxe7 Qxc2 23. Qb7 Rc8 24. h4 1/2-1/2

[Event "Championnat de France - Accession"]
[Site "Pau"]
[Date "2008.08.14"]
[Round "3.13"]
[White "Lorans, Sylvain"]
[Black "Vernay, Clovis"]
[Result "0-1"]
[WhiteElo "2209"]
[BlackElo "2345"]
[PlyCount "48"]

1. d4 d5 2. Nf3 Nf6 3. c4 c6 4. Nc3 dxc4 5. a4 Bf5 6. Nh4 Bd7 7. g3 e6 8. Bg2
c5 9. e4 Nc6 10. d5 Nd4 11. O-O Be7 12. Bf4 exd5 13. e5 Ng8 14. Bxd5 Bxh4 15.
gxh4 Ne7 16. Bxb7 Rb8 17. Bg2 Rxb2 18. Rb1 Rxb1 19. Qxb1 h6 20. Bg3 Bc6 21. Ne4
O-O 22. Re1 Qa5 23. Qc1 Nef5 24. Qxc4 Qxe1+ 0-1

[Event "Championnat de France - Accession"]
[Site "Pau"]
[Date "2008.08.14"]
[Round "3.14"]
[White "Van Elst, Andreas"]
[Black "Vallet, Marc"]
[Result "1/2-1/2"]
[WhiteElo "2336"]
[BlackElo "2200"]
[PlyCount "121"]

1. d4 Nf6 2. c4 g6 3. Nc3 Bg7 4. e4 O-O 5. Nf3 d6 6. Be2 e5 7. O-O Nc6 8. d5
Ne7 9. Ne1 Nd7 10. Be3 f5 11. f3 f4 12. Bf2 g5 13. Rc1 h5 14. c5 Nf6 15. cxd6
cxd6 16. Nb5 Ne8 17. Nxa7 Bd7 18. Qb3 Qb8 19. Bb5 Bxb5 20. Nxb5 Qd8 21. Nd3 Ng6
22. h3 g4 23. hxg4 hxg4 24. fxg4 f3 25. Ne1 Qg5 26. Nxf3 Qxg4 27. Nh2 Qxe4 28.
Nc3 Qd3 29. Qxb7 Nf6 30. Qb3 Nf4 31. Qc2 Qc4 32. Rfd1 e4 33. Rd4 Qa6 34. Ra4
Qd3 35. Rxa8 Rxa8 36. Qxd3 Nxd3 37. Rb1 Nxb2 38. Rxb2 Nxd5 39. Nxd5 Bxb2 40.
Ng4 Kf7 41. Kh2 Rxa2 42. Kg3 Ra5 43. Nge3 Be5+ 44. Kg4 Ke6 45. Nf4+ Bxf4 46.
Kxf4 Ra2 47. Be1 d5 48. Bc3 Ra3 49. Bg7 Ra7 50. Nf5 Ra2 51. g4 Rf2+ 52. Kg5 Kf7
53. Bd4 Rf3 54. Ne3 Rf2 55. Kh4 Rd2 56. Nf5 Kg6 57. Kg3 Rd3+ 58. Kf4 Rf3+ 59.
Ke5 Kg5 60. Ne3 Rxe3 61. Bxe3+ 1/2-1/2

[Event "Championnat de France - Accession"]
[Site "Pau"]
[Date "2008.08.14"]
[Round "3.15"]
[White "Camus, Berenger"]
[Black "Rouler, Charly"]
[Result "0-1"]
[WhiteElo "2194"]
[BlackElo "2326"]
[PlyCount "142"]

1. d4 Nf6 2. Nf3 g6 3. c4 Bg7 4. Nc3 O-O 5. e4 d6 6. Be2 Nbd7 7. O-O e5 8. Be3
c6 9. Qd2 Qe7 10. dxe5 dxe5 11. a3 Nc5 12. Qc2 Nh5 13. b4 Ne6 14. Rad1 Nhf4 15.
Kh1 Nxe2 16. Nxe2 f5 17. exf5 gxf5 18. Bc1 c5 19. bxc5 Bd7 20. Nc3 Nxc5 21. Bg5
Qf7 22. Be3 Ne6 23. Ng5 Nxg5 24. Bxg5 Bc6 25. Nd5 Rae8 26. f3 Kh8 27. Be3 b6
28. Bd2 Re6 29. Bc3 Bb7 30. Rfe1 Rc8 31. Qb2 Rxc4 32. Rxe5 Rxe5 33. Bxe5 Bxd5
34. Rxd5 Qxd5 35. Bxg7+ Kg8 36. h3 Rc7 37. Be5 Rd7 38. f4 Kf7 39. Kh2 Qc4 40.
Qf2 Qe6 41. Qe2 Ke8 42. Qc2 Kd8 43. a4 Rf7 44. Qd3+ Rd7 45. Qc2 h6 46. Qc3 Ke7
47. Qg3 Ke8 48. Qc3 Kf7 49. Qc2 Re7 50. Qd3 Qd7 51. Qb3+ Re6 52. g4 Qd2+ 53.
Kg3 Qe1+ 54. Kg2 fxg4 55. hxg4 Qe2+ 56. Kg3 Qe1+ 57. Kg2 Ke7 58. Qd5 Qe2+ 59.
Kg3 Qe3+ 60. Kg2 Qc5 61. Qb7+ Kd8 62. Qb8+ Qc8 63. Qxa7 Rg6 64. Kf2 Qxg4 65.
Qa8+ Ke7 66. Qb7+ Qd7 67. Qb8 Qd2+ 68. Kf3 Qg2+ 69. Ke3 Rg3+ 70. Kd4 Qd2+ 71.
Kc4 Qd3+ 0-1

[Event "Championnat de France - Accession"]
[Site "Pau"]
[Date "2008.08.14"]
[Round "3.16"]
[White "Lagarde, Maxime"]
[Black "Remille, Tristan"]
[Result "1-0"]
[WhiteElo "2322"]
[BlackElo "2185"]
[PlyCount "63"]

1. e4 e5 2. Nf3 Nc6 3. Bb5 a6 4. Ba4 Nf6 5. O-O b5 6. Bb3 Bc5 7. c3 d6 8. d4
Bb6 9. h3 O-O 10. Be3 exd4 11. cxd4 Nxe4 12. Bd5 Qe8 13. Re1 Nf6 14. Bg5 Nxd5
15. Rxe8 Rxe8 16. Nc3 Be6 17. Ne2 h6 18. Bd2 Nf6 19. Nf4 Bf5 20. Be3 Be4 21.
Nh2 Re7 22. Rc1 Rae8 23. a3 Na5 24. b3 Nd5 25. Nxd5 Bxd5 26. Rc3 Re4 27. Qh5
Bxb3 28. Ng4 R4e6 29. Bxh6 Bxd4 30. Rxc7 Rxh6 31. Nxh6+ gxh6 32. Qg4+ 1-0

[Event "Championnat de France - Accession"]
[Site "Pau"]
[Date "2008.08.14"]
[Round "3.17"]
[White "Li, Frederic"]
[Black "Camus De Solliers, Guillaume"]
[Result "1/2-1/2"]
[WhiteElo "2186"]
[BlackElo "2319"]
[PlyCount "66"]

1. Nf3 Nf6 2. c4 e6 3. g3 b6 4. Bg2 Bb7 5. O-O Be7 6. d4 O-O 7. d5 Na6 8. Nc3
Bb4 9. Ne5 Bxc3 10. bxc3 Nc5 11. Ba3 Qe7 12. Nd3 d6 13. Bxc5 dxc5 14. e4 exd5
15. cxd5 c4 16. Nb4 a5 17. Nc2 Nxe4 18. Re1 f5 19. Qd4 Qf7 20. Ne3 Rad8 21.
Rad1 f4 22. Bxe4 fxe3 23. f4 c6 24. Qxb6 cxd5 25. Rxe3 Rde8 26. Bg2 Rxe3 27.
Qxe3 Re8 28. Qd2 Rd8 29. Re1 Qf6 30. Re5 Qb6+ 31. Qe3 Qxe3+ 32. Rxe3 d4 33.
cxd4 Bxg2 1/2-1/2

[Event "Championnat de France - Accession"]
[Site "Pau"]
[Date "2008.08.14"]
[Round "3.18"]
[White "Bissieres, Matthieu"]
[Black "Metzger, Clement"]
[Result "1-0"]
[WhiteElo "2275"]
[BlackElo "2179"]
[PlyCount "96"]

1. e4 c5 2. Nf3 Nc6 3. Nc3 Nf6 4. Bb5 Qc7 5. O-O Nd4 6. Ba4 e5 7. d3 h6 8. Nxd4
cxd4 9. Ne2 Qa5 10. Bb3 d6 11. f4 Be6 12. Bd2 Qc7 13. Ng3 Bxb3 14. axb3 a6 15.
Rf2 h5 16. h3 h4 17. Nf1 Rc8 18. fxe5 dxe5 19. Bg5 Be7 20. Qf3 Qd7 21. Nh2 Qe6
22. Ra5 Bb4 23. Ra1 Be7 24. Raf1 Rc6 25. Bc1 Kd7 26. Qd1 Kc8 27. Rf5 g6 28.
R5f2 Rh7 29. Bg5 Nh5 30. Nf3 f6 31. Bd2 Ng3 32. Re1 Bd8 33. Qb1 Kb8 34. c4 dxc3
35. bxc3 Rb6 36. b4 g5 37. d4 g4 38. d5 Qd7 39. hxg4 h3 40. gxh3 Rxh3 41. Nh2
f5 42. gxf5 Qg7 43. Rg2 Bg5 44. Bxg5 Qxg5 45. Qc1 Qg8 46. Re3 Rbh6 47. Qe1 Ne2+
48. Qxe2 Rxh2 1-0

[Event "Championnat de France - Accession"]
[Site "Pau"]
[Date "2008.08.14"]
[Round "3.19"]
[White "Bonn, Thomas"]
[Black "Mancini, Mario"]
[Result "1-0"]
[WhiteElo "2190"]
[BlackElo "2268"]
[PlyCount "66"]

1. e4 c5 2. Nc3 Nc6 3. Bb5 e6 4. Bxc6 bxc6 5. d3 d5 6. Qe2 Ba6 7. Nf3 c4 8. d4
Nf6 9. exd5 cxd5 10. Nd1 Qc7 11. O-O Bd6 12. c3 O-O 13. b4 Ne4 14. h3 Rae8 15.
Nd2 f5 16. Nxe4 fxe4 17. Ne3 e5 18. Nxd5 Qf7 19. Ne3 exd4 20. cxd4 Bxb4 21. Rb1
Bd6 22. Bd2 Rb8 23. Ng4 Qf5 24. Be3 Qd5 25. Rfc1 Ba3 26. Re1 Bb4 27. Rec1 Rb6
28. Ne5 c3 29. Qc2 Ba3 30. Rd1 Bb2 31. Bc1 Rfb8 32. Bxb2 cxb2 33. Qa4 Bc8 1-0